000 01572cam a22004454i 4500
003 PE-LiUPU
005 20250731173438.0
008 150616s1962 cl r 000 0 spa d
035 _a(Sirsi) a5583
040 _aPE-LiUPU
_bspa
_cPE-LiUPU
_erda
049 _aPRUA
082 0 4 _a262.52
_bK94
_221
100 1 _aKüng, Hans,
_d1928-,
_eautor.
_93781
245 1 3 _aEl concilio y la unión de los cristianos.
264 1 _aSantiago de Chile :
_bEditorial HERDER,
_c1962.
300 _a207 páginas ;
_c20 centímetros
336 _atext
_2rdacontent
337 _aunmediated
_2rdamedia
338 _avolume
_2rdacarrier
505 0 _aNecesidad de renovación constante en la iglesias -- El marco de una renovación católica de la iglesia -- El concilio ecumènico y la unión.
526 _aSEG42
526 _aSEG41
526 _aSEG40
526 _aSEG39
526 _aP94
526 _aP87
526 _aP86
526 _aP85
526 _aP77
526 _aP76
526 _aP35
611 _aConcilio Vaticano II.
_d1962-1965.
_9463
910 _ajck
_bjvq
_cjck
942 _2ddc
_cBOOK
949 _a262.52 K94
_wDEWEY
_c1
_i39476
_lCCODEBUL1
_mBUL
_p30.00
_r0
_sY
_tBOOK
_u19950918
_xTEOLOGIA
_zUNKNOWN
_0COMPRA
_o.STAFF. Colección Teología
994 _aC0
_bPEPRU
596 _a1
999 _a262.52 K94
_wDEWEY
_c56627
_i39476
_d56627
_e2016-5-30
_f2021-11-12
_g5
_lCCODEBUL1
_mBUL
_n1
_p30.00
_q1
_r0
_sY
_tBOOK
_u2015-6-16
_xTEOLOGIA
_PP35
_0COMPRA
_o.STAFF. Colección Teología
980 _81
_gALBERTO SANCHEZ Responsable de Automatización